| 000 | 00459nam a2200181Ia 4500 | ||
|---|---|---|---|
| 001 | 16529 | ||
| 005 | 20260306170316.0 | ||
| 008 | 260306t2024||||xx |||||||||||||| ||und|| | ||
| 041 | _aESP | ||
| 082 |
_a348.6 _bT22O |
||
| 100 |
_aTarazona Pinedo, Manolo Narciso, _eAUT |
||
| 245 | 0 | _aPrincipales obligaciones laborales del empleador | |
| 260 | _c2024 | ||
| 300 |
_a223 páginas : _c24 cm. |
||
| 650 | _aGEN | ||
| 654 | _aCDE | ||
| 942 |
_cLIB _dJUS _fJUS _2ddc _n |
||
| 999 |
_c16529 _d16529 |
||